000 00843nam a22002417a 4500
003 DO-SdBNP
005 20240402134029.0
007 ta
008 220620b2006 dr ||||| |||| 00| 0 spa d
040 _aDO-SdBNP
_bspa
_cBNPHU
082 4 _222
110 1 _aRepública Dominicana
_9447
245 1 0 _aNuevo código procesal penal de la República Dominicana del 2 de 2002 :
_bpromulgada el 19 de julio de 2002 /
_cTrajano Vidal Potentini, Salvador Potentini ; edición Héctor Bdo. Guzmán R.
246 1 0 _aLey 76-02 :
250 _a2a ed.
260 _aMoca, República Dominicana :
_bDalis,
_c2006.
300 _a335 p. ;
_c24 cm.
590 _aInventariada, 2022/BT
700 1 _aPotentini Adames, Trajano Vidal‏
_973577
700 1 _aPotentini, Salvador
_967426
700 1 _aGuzmán R., Héctor Bdo.,
_eed.
_981887
942 _2ddc
_cLBS1
999 _c52072
_d52072